Post-recolección de hortalizas
Wedi'i Gadw mewn:
| Prif Awdur: | |
|---|---|
| Fformat: | Llyfr |
| Iaith: | Sbaeneg |
| Cyhoeddwyd: |
Tarragona
Horticultura
1999
|
| Cyfres: | Compendio de Horticultura, 11
|
| Pynciau: | |
| Tagiau: |
Ychwanegu Tag
Dim Tagiau, Byddwch y cyntaf i dagio'r cofnod hwn!
|
MARC
| LEADER | 00000nam a2200000 a 4500 | ||
|---|---|---|---|
| 001 | UCK4142 | ||
| 003 | CL-VaPUC | ||
| 008 | 050520e19990900sp |||||||||||||||||spa|d | ||
| 020 | |a 8487729290v.3 | ||
| 082 | 0 | 4 | |a 635.04 |b NAM |2 21 |
| 100 | |a Namesny Vallespir, Alicia |e autora |9 500427 | ||
| 245 | 1 | 0 | |a Post-recolección de hortalizas |
| 300 | |a v | ||
| 942 | |c BK | ||
| 945 | |d 20050520 00:00:00 |a cmena | ||
| 260 | |a Tarragona |b Horticultura |c 1999 | ||
| 500 | |a v.3: Hortalizas de fruto | ||
| 650 | 0 | |a Horticultura |9 259721 | |
| 650 | 0 | |a Hortalizas |9 259501 | |
| 583 | |a last modification |c 20150511 05:23:40 |k Rodrigo Vera | ||
| 490 | 0 | |a Compendio de Horticultura, 11 | |
| 999 | |c 313097 |d 313095 | ||
| 952 | |0 0 |1 0 |4 0 |6 635_040000000000000_NAM_1999 |7 0 |8 A |9 384187 |a BIBAGR |b BIBAGR |d 2019-11-22 |h v.3 |i 409168K |l 1 |o 635.04 NAM 1999 |p 409168K |r 2025-01-20 |s 2023-11-09 |w 2019-11-22 |y BK |k AGR | ||